| 000 | 00591nam a22001937a 4500 | ||
|---|---|---|---|
| 003 | NUST | ||
| 005 | 20250708163703.0 | ||
| 008 | 171214b xxu||||| |||| 00| 0 eng d | ||
| 040 | _c0 | ||
| 082 | _a200 | ||
| 100 | _4Ejaz Amnah | ||
| 245 |
_aK-SADS-PL 2013 working draft screen interview: Translation and cross-cultural adaptation/ _cAmnah Ejaz |
||
| 260 |
_aIslamabad: _bS3H NUST. _c2017. |
||
| 300 | _a208p | ||
| 654 | _xMS-Behavioral Sciences | ||
| 700 |
_aSupervisor Dr. Tamkeen Malik _9127926 |
||
| 856 | _uhttp://10.250.8.41:8080/xmlui/handle/123456789/3701 | ||
| 942 |
_2ddc _cSC |
||
| 999 |
_c342232 _d342232 |
||